Online
Catalog

Transcurrir y recorrer : (Record no. 38699)

MARC details
000 -CABECERA
campo de control de longitud fija 00958nam a2200205 a 4500
001 - NÚMERO DE CONTROL
campo de control 000039209
005 - FECHA Y HORA DE LA ÚLTIMA TRANSACCIÓN
campo de control 20201002031538.0
008 - DATOS DE LONGITUD FIJA--INFORMACIÓN GENERAL
campo de control de longitud fija 130611s2003 dr 000 0 spa d
020 ## - NÚMERO INTERNACIONAL ESTÁNDAR DEL LIBRO
Número Internacional Estándar del Libro 8400082036
040 ## - FUENTE DE LA CATALOGACIÓN
Centro catalogador/agencia de origen DO-SdBNP
111 2# - ENTRADA PRINCIPAL--NOMBRE DE CONGRESO/REUNIÓN
Nombre de congreso/reunión o jurisdicción como elemento de entrada Seminario Hispano-Italiano de Historia de las Religiones (1º.2001. Roma)
Fecha del congreso/reunión (2001: 16-17 febrero
Sede del congreso/Lugar de la reunión Roma )
9 (RLIN) 65399
245 10 - MENCIÓN DE TÍTULO
Título Transcurrir y recorrer :
Resto del título La categoría espacio-temporal en las religiones del mundo clásico /
Mención de responsabilidad, etc. Diana Segarra Crespo.
260 ## - PUBLICACIÓN, DISTRIBUCIÓN, ETC.
Lugar de publicación, distribución, etc. Madrid :
Nombre del editor, distribuidor, etc. Consejo Superior de Investigaciones Científicas,
-- Escuela Española de Historia y Arqueología en Roma,
Fecha de publicación, distribución, etc. 2003.
300 ## - DESCRIPCIÓN FÍSICA
Extensión 213 p. ;
Dimensiones 23 cm.
500 ## - NOTA GENERAL
Nota general Incluye referencias bibliográficas y notas al pie de las págianas
500 ## - NOTA GENERAL
Nota general Incluye índice
700 1# - PUNTO DE ACCESO ADICIONAL--NOMBRE DE PERSONA
Nombre de persona Segarra Crespo, Diana
Término indicativo de función/relación ed.
9 (RLIN) 65400
710 2# - PUNTO DE ACCESO ADICIONAL--NOMBRE DE ENTIDAD CORPORATIVA
Nombre de entidad corporativa o nombre de jurisdicción como elemento de entrada Consejo Superior de Investigaciones Científicas,
9 (RLIN) 4786
710 2# - PUNTO DE ACCESO ADICIONAL--NOMBRE DE ENTIDAD CORPORATIVA
Nombre de entidad corporativa o nombre de jurisdicción como elemento de entrada Escuela Española de Historia y Arqueología en Roma
9 (RLIN) 65401
Holdings
Estado de retiro Estado de pérdida No para préstamo Código de colección Localización permanente Ubicación/localización actual Ubicación en estantería Fecha de adquisición Número de inventario Total de préstamos Signatura topográfica completa Código de barras Fecha visto por última vez Precio válido a partir de Tipo de ítem Koha
    Excluido de préstamo Patrimonio Dominicano General General En catalogación 11.06.2013 LF1   39209-10 25.06.2020 25.06.2020 Libro y Folleto Colección Patrimonio Dominicano

Powered by Koha